Normal view
MARC view
Entry Personal Name
001 - CONTROL NUMBER
- control field: 855335
003 - CONTROL NUMBER IDENTIFIER
- control field: OSt
005 - DATE AND TIME OF LATEST TRANSACTION
- control field: 20251208164708.0
008 - FIXED-LENGTH DATA ELEMENTS
- fixed length control field: 251208|| aca||aabn | a|a d
040 ## - CATALOGING SOURCE
- Original cataloging agency: OSt
- Transcribing agency: OSt
100 ## - HEADING--PERSONAL NAME
- Personal name: Taqiuddin
670 ## - SOURCE DATA FOUND
- Source citation: Work cat.: (OSt)1466047: Taqiuddin , Al-siyasat al-sharia fi islah al-raie, 1969.
